Mixed Word: Growing M Words Quiz Stats

 Plays Quiz Updated Apr 9, 2012

Support Sporcle.
Go Orange.
Score 0/14 Timer 03:00
0 Plays Today
Scramble Word % Correct
YMMY
99.9%
XIMMIX
99.8%
KEMAMAKE
99.4%
CHUMNMUNCH
98.5%
TOMEHRMOTHER
94.3%
STEMRYYMYSTERY
90%
GNIENMTAFICMAGNIFICENT
60.8%
Scramble Word % Correct
ATTIVMNIOOMOTIVATION
54.6%
MMORELIAMEMORIAL
47.7%
CNEMASIULMASCULINE
31.1%
ANELLLYMISCOUSEMISCELLANEOUSLY
21.1%
LTIMSKUGTAINMULTITASKING
16.5%
CAUNTIONGMLFNIMALFUNCTIONING
14.1%
TOLEORSOMEGITMETEOROLOGIST
10.7%

From the Vault

Martin Scorsese Movie Search

by Larryholmes79

Movies 6m
'Cinema is a matter of what's in the frame and what's out.' -Martin Scorsese
Remove Ads.
Support Sporcle.
Get the best of Sporcle when you Go Orange. This ad-free experience offers more features, more stats, and more fun while also helping to support Sporcle. Thank you for becoming a member.

Show Comments

Extras

Top Quizzes Today


Score Distribution

Your Account Isn't Verified!

In order to create a playlist on Sporcle, you need to verify the email address you used during registration. Go to your Sporcle Settings to finish the process.

Report this User

Report this user for behavior that violates our Community Guidelines.

Details: